| 000 | 00347nam a2200133Ia 4500 | ||
|---|---|---|---|
| 008 | 150202s9999 xx 000 0 und d | ||
| 020 | _a448168944 | ||
| 050 |
_aFIC _bFIC |
||
| 100 | _aWalker, Mort. | ||
| 245 |
_aBeetle Bailey _cMort Walker. |
||
| 260 |
_aNew York : _bTempo Books, _c1968. |
||
| 300 |
_a259 pages : _c18 cm. |
||
| 650 | _aFiction. | ||
| 999 |
_c282460 _d282460 |
||